Building Greener (Record no. 107464)

MARC details
000 -LEADER
fixed length control field 01140cam a22002895a 4500
001 - CONTROL NUMBER
control field L140270
008 - FIXED-LENGTH DATA ELEMENTS--GENERAL INFORMATION
fixed length control field 070913s2007 xxkadbof 000 0 eng d
020 ## - INTERNATIONAL STANDARD BOOK NUMBER
International Standard Book Number 0860176444
035 ## - SYSTEM CONTROL NUMBER
System control number (Sirsi) u140270
041 0# - LANGUAGE CODE
Language code of text/sound track or separate title eng
050 04 - LIBRARY OF CONGRESS CALL NUMBER
Classification number 696.1 $2 18
100 1# - MAIN ENTRY--PERSONAL NAME
Personal name Newton, John
245 00 - TITLE STATEMENT
Title Building Greener
Remainder of title guidance on the use of green roofs, green walls and complementary features on buildings
260 ## - PUBLICATION, DISTRIBUTION, ETC.
Place of publication, distribution, etc. London
Name of publisher, distributor, etc. CIRIA
Date of publication, distribution, etc. 2007
300 ## - PHYSICAL DESCRIPTION
Extent xvi, 197p.
Other physical details col. ill.
Dimensions 30cm.
350 ## - PRICE (NR) (BK AM CF MU VM SE) [OBSOLETE]
Price 45
490 #0 - SERIES STATEMENT
Series statement CIRIA
Volume/sequential designation (C644)
505 2# - FORMATTED CONTENTS NOTE
Formatted contents note Introduction and background -- Green roofs -- Green walls -- Nestboxes and other complementary features -- Appendices
520 ## - SUMMARY, ETC.
Summary, etc. Provides guidance on the design, construction and operation of green roofs and walls. Describes how quick wins for biodiversity can be achieved in the built environment by incorporating nesting and roosting boxes for birds, bats and other animals.
590 ## - LOCAL NOTE (RLIN)
Local note KA
651 #4 - SUBJECT ADDED ENTRY--GEOGRAPHIC NAME
Geographic name England and Wales
Chronological subdivision 1543-
690 ## - LOCAL SUBJECT ADDED ENTRY--TOPICAL TERM (OCLC, RLIN)
Topical term or geographic name as entry element BUILT ENVIRONMENT-SUSTAINABLE CONSTRUCTION
700 1# - ADDED ENTRY--PERSONAL NAME
Personal name Gedge, Dusty
700 1# - ADDED ENTRY--PERSONAL NAME
Personal name Early, Paul
700 1# - ADDED ENTRY--PERSONAL NAME
Personal name Wilson, Steve
942 ## - ADDED ENTRY ELEMENTS (KOHA)
Suppress in OPAC 0
Holdings
Withdrawn status Lost status Source of classification or shelving scheme Damaged status Not for loan Home library Current library Shelving location Date acquired Total Checkouts Full call number Barcode Date last seen Date last checked out Copy number Price effective from Koha item type
    Dewey Decimal Classification     London London Folio 17/09/2007 4 F696.1 NEW 30074263 06/08/2019 11/11/2008 1 06/08/2019 Book